Kapitál zajišťoven z Bermud stále v pohybu

Situácia európskych poisťovní. Oblasť zaistenia pre globálnych investorov. Investičné nástroje v zaistení, ako napríklad katastrofické bondy. Prísun nového kapitálu.

Na minha lista:
Detalhes bibliográficos
Autor principal: Čížek, Lukáš
Formato: Capítulo de Livro
Idioma:tcheco
Assuntos:
Tags: Adicionar Tag
Sem tags, seja o primeiro a adicionar uma tag!

MARC

LEADER 00000naa$a2200000$$$4500
001 0056938
005 20230927103134.0
041 0 |a cze 
044 |a CZ 
245 1 0 |a Kapitál zajišťoven z Bermud stále v pohybu  |c Lukáš Čížek 
520 |a Situácia európskych poisťovní. Oblasť zaistenia pre globálnych investorov. Investičné nástroje v zaistení, ako napríklad katastrofické bondy. Prísun nového kapitálu. 
610 2 0 |a poisťovne 
610 2 0 |a zaisťovne 
610 2 0 |a diverzifikácia 
610 2 0 |a portfólio 
610 2 0 |a kapitál 
610 2 0 |a investori 
100 1 |a Čížek, Lukáš